| 000 | 00477nam a2200157Ia 4500 | ||
|---|---|---|---|
| 999 |
_c36149 _d36149 |
||
| 003 | OSt | ||
| 005 | 20201211101822.0 | ||
| 008 | 190216s9999||||xx |||||||||||||| ||und|| | ||
| 040 | _coclc | ||
| 082 |
_a346.06 _bRAM/G |
||
| 100 | 1 |
_aRamaiya, Arunachala, _91163 _d1894- |
|
| 245 | 0 |
_aGuide To The Companies Act / _cArunachala Ramaiya |
|
| 260 |
_bWadhwa & Co Publishing, _c1992. _aAgra: |
||
| 300 | _a3106p | ||
| 942 |
_cREF _2ddc _h346.06 _iRAM/G _k346.06 _mRAM/G |
||